Hướng dẫn chia động từ tiếng Pháp /

Gardado en:
Detalles Bibliográficos
Autor Principal: Quang Liêm
Outros autores: Nam Phương
Formato: Libro
Publicado: HCM : Thanh niên, 2002.
Những chủ đề:
Các nhãn: Engadir etiqueta
Sen Etiquetas, Sexa o primeiro en etiquetar este rexistro!
Thư viện lưu trữ: Mạng thư viện Đại học Đà Nẵng
LEADER 00911nam a22002651a 4500
001 000036406
003 12701
005 20220115103830.0
008 160408s2002 000
082 |a 445  |b QU-L 
100 |a Quang Liêm 
245 0 |a Hướng dẫn chia động từ tiếng Pháp /  |c Quang Liêm; Nam Phương. 
260 |a HCM :  |b Thanh niên,  |c 2002. 
300 |a 447tr. : ;  |c 20cm. 
653 |a chia động từ tiếng Pháp  |a tiếng Pháp 
700 |a Nam Phương 
OWN |a LNN 
AVA |a UDN50  |b LNN  |c French  |d 445QU-L  |e available  |t Error 5001 Not defined in file expand_doc_bib_avail.  |f 2  |g 0  |h N  |i 1  |j PN 
999 |a From the UDN01 
AVA |a UDN50  |b LNN  |c French  |d 445QU-L  |e available  |t Error 5001 Not defined in file expand_doc_bib_avail.  |f 2  |g 0  |h N  |i 1  |j PN 
TYP |a Monograph 
980 |a Mạng thư viện Đại học Đà Nẵng